[Event "AUT-ch U12 Online Rapid"]
[Site "Playchess.com INT"]
[Date "2020.12.13"]
[Round "5"]
[White "Fischer, Adrian"]
[Black "Burgstaller, Bastian"]
[Result "1-0"]
[WhiteElo "1563"]
[BlackElo "1381"]
[PlyCount "103"]
[EventDate "2020.12.13"]
[EventType "swiss (rapid)"]
[EventRounds "7"]
[EventCountry "AUT"]
[SourceTitle "EXT 2022"]
[Source "ChessBase"]
[SourceDate "2021.10.06"]
[SourceVersion "1"]
[SourceVersionDate "2021.10.06"]
[SourceQuality "1"]

1. e4 e5 2. Nf3 Nc6 3. d4 exd4 4. Bc4 h6 5. Nxd4 Nf6 6. Nc3 Bb4 7. Nxc6 bxc6 8. Bd3 0-0 9. 0-0 Re8 10. Re1 d5 11. exd5 cxd5 12. Rxe8+ Qxe8 13. Bd2 d4 14. Nb5 Bxd2 15. Qxd2 Qd7 16. c3 dxc3 17. Nxc3 Ba6 18. Rd1 Rd8 19. Bh7+ Kxh7 20. Qc2+ Bd3 21. Qb3 Qe7 22. Rc1 Re8 23. h3 Qe6 24. Qa3 Qb6 25. Na4 Qa5 26. b4 Qa6 27. Qb3 Bb5 28. Nc5 Qd6 29. Rd1 Qf4 30. a4 Re2 31. Qg3 Qc4 32. axb5 Qc2 33. Qd3+ Qxd3 34. Rxd3 Re1+ 35. Kh2 Nh5 36. Ra3 Rb1 37. Nd3 Rb2 38. Nxb2 Nf4 39. Rxa7 Ne2 40. Rxc7 Nf4 41. b6 Ne6 42. Rxf7 Nd8 43. b7 Nxf7 44. b8Q Ng5 45. Qe5 Nf7 46. Qf5+ g6 47. Qxf7+ Kh8 48. Qe7 Kg8 49. b5 Kh8 50. b6 Kg8 51. b7 Kh8 52. b8Q# 1-0

[Event "AUT-ch U12 Online Blitz"]
[Site "Playchess.com INT"]
[Date "2020.12.11"]
[Round "5"]
[White "Fischer, Adrian"]
[Black "Ernst, Robert"]
[Result "1-0"]
[WhiteElo "1660"]
[BlackElo "1620"]
[PlyCount "61"]
[EventDate "2020.12.11"]
[EventType "swiss (blitz)"]
[EventRounds "7"]
[EventCountry "AUT"]
[SourceTitle "EXT 2022"]
[Source "ChessBase"]
[SourceDate "2021.10.06"]
[SourceVersion "1"]
[SourceVersionDate "2021.10.06"]
[SourceQuality "1"]

1. e4 c5 2. Nf3 e6 3. d4 cxd4 4. Nxd4 Nf6 5. Nc3 Nc6 6. Be3 Qc7 7. f3 Bb4 8. Qd2 d5 9. exd5 Nxd5 10. a3 Bxc3 11. bxc3 Na5 12. Bb5+ Bd7 13. Bxd7+ Kxd7 14. Nb5 Qc6 15. Nd4 Qxc3 16. Qxc3 Nxc3 17. Bd2 Rac8 18. 0-0 b6 19. Bxc3 Rxc3 20. Rfd1 Ke7 21. Ra2 Rd8 22. Raa1 Rc4 23. Nb5 Rxc2 24. Rxd8 Kxd8 25. Nxa7 Rb2 26. a4 Nb3 27. Rd1+ Ke7 28. Nc8+ Kf6 29. Nxb6 Nc5 30. Nd7+ Ke7 31. Nxc5 1-0

[Event "AUT-ch U10"]
[Site "St Kanzian"]
[Date "2019.06.23"]
[Round "7"]
[White "Fischer, Adrian"]
[Black "Haselsberger, Armin"]
[Result "1/2-1/2"]
[WhiteElo "1154"]
[BlackElo "1130"]
[PlyCount "70"]
[EventDate "2019.06.21"]
[EventType "swiss"]
[EventRounds "7"]
[EventCountry "AUT"]
[SourceTitle "CBM 191 Extra"]
[Source "ChessBase"]
[SourceDate "2019.09.30"]
[SourceVersion "1"]
[SourceVersionDate "2019.09.30"]
[SourceQuality "1"]

1. e4 c6 2. d4 d5 3. exd5 cxd5 4. Bd3 Nc6 5. Be3 Nf6 6. Nc3 Bg4 7. f3 Bh5 8. Nge2 e6 9. 0-0 Bg6 10. Nf4 Bxd3 11. Nxd3 Bd6 12. Re1 0-0 13. Nf2 Qc7 14. g3 a6 15. Bg5 Be7 16. Qd3 Rac8 17. Bf4 Bd6 18. Bxd6 Qxd6 19. Re2 Rfe8 20. Rae1 b5 21. a3 Na5 22. Ra1 Nc4 23. Ncd1 Rc7 24. c3 Rec8 25. Ne3 h6 26. Nxc4 bxc4 27. Qd1 a5 28. Qd2 Rb8 29. Rb1 Rcb7 30. Qc1 a4 31. Qd1 Qd7 32. Kg2 Rb6 33. Qc2 Rb3 34. Nd1 Qb7 35. Ne3 Qc6 1/2-1/2

[Event "AUT-ch U10"]
[Site "St Kanzian"]
[Date "2019.06.21"]
[Round "1"]
[White "Fischer, Adrian"]
[Black "Raber, Ulrich"]
[Result "1-0"]
[WhiteElo "1154"]
[BlackElo "884"]
[PlyCount "45"]
[EventDate "2019.06.21"]
[EventType "swiss"]
[EventRounds "7"]
[EventCountry "AUT"]
[SourceTitle "CBM 191 Extra"]
[Source "ChessBase"]
[SourceDate "2019.09.30"]
[SourceVersion "1"]
[SourceVersionDate "2019.09.30"]
[SourceQuality "1"]

1. e4 e5 2. Nf3 Nc6 3. Nc3 Nf6 4. d4 exd4 5. Nxd4 Nxd4 6. Qxd4 Be7 7. Bc4 0-0 8. 0-0 d6 9. Bg5 Ng4 10. Bxe7 Qxe7 11. f3 Nf6 12. f4 c5 13. Qd3 Bd7 14. Rad1 Bc6 15. Rfe1 Rad8 16. Bd5 Bxd5 17. Nxd5 Nxd5 18. Qxd5 Qh4 19. g3 Qf6 20. Qb3 b6 21. Rd5 Rc8 22. f5 c4 23. Qb4 1-0